| 000 | 01010nam a22002537a 4500 | ||
|---|---|---|---|
| 005 | 20180224102243.0 | ||
| 010 | _aBAC-EN21 ENG-111642 B-663941 | ||
| 020 |
_a9780143064930 _c250.00 |
||
| 035 | _aEN-95174 | ||
| 035 | _aB-663941 | ||
| 035 | _aB-583390-412 | ||
| 037 |
_adpl _bPansy Books/Ven |
||
| 037 | _aDBAD/PUB | ||
| 082 | _a613.25 | ||
| 100 | _aKhosla,Ishi | ||
| 245 |
_aThe diet doctor : _bthe scientifically proven way to lose weight / _cby Ishi Khosla |
||
| 260 |
_aNew Delhi _bPenguin Books _c2013 |
||
| 270 |
_a11 Community Centre,Panchsheel Park _bNew Delhi _e110017 |
||
| 300 |
_axi,215p. _c21cm(pbk) |
||
| 500 | _aIncludes bibliographical references | ||
| 942 |
_2ddc _cEN _mKHO _h613.25 |
||
| 999 |
_c89369 _d89369 |
||